| 000 | 03048cam a22004454a 4500 | ||
|---|---|---|---|
| 001 | ocm56371465 | ||
| 003 | TZ-ArACH | ||
| 005 | 20120919165758.0 | ||
| 008 | 040826s2005 enk b 001 0 eng | ||
| 010 | _a 2004020238 | ||
| 015 |
_aGBA3Y8695 _2bnb |
||
| 016 | 7 |
_a009699985 _2Uk |
|
| 020 | _a0199259399 | ||
| 020 | _a9780199259397 | ||
| 035 |
_a(OCoLC)56371465 _z(OCoLC)51668432 |
||
| 040 |
_aDLC _beng _cTZ-ArACH _dUKM _dLUI _dLVB _dBWK _dMUQ _dBAKER _dNLGGC _dBTCTA _dYDXCP _dCOO _dIG# _dHEBIS _dEXW _dOCLCQ _dDEBSZ _dTULIB |
||
| 041 | _aEng | ||
| 042 | _apcc | ||
| 049 | _aTZAA | ||
| 050 | 0 | 0 |
_aKZ3395 .C25 _bA35 |
| 082 | 0 | 0 |
_a341/.09 _222 |
| 084 |
_a86.80 _2bcl |
||
| 100 | 1 |
_aCassese, Antonio. _97030 |
|
| 245 | 1 | 0 |
_aInternational law / _cAntonio Cassese. |
| 250 | _a2nd ed. | ||
| 260 |
_aOxford ; _aNew York : _bOxford University Press, _c2005. |
||
| 300 |
_aliii, 558 p. ; _c25 cm. |
||
| 504 | _aIncludes bibliographical references and index. | ||
| 505 | 0 | _aThe main legal features of the international community -- The historical evolution of the international community -- The fundamental principles governing international relations -- States as the primary subjects of international law -- The spatial dimension of state activities -- Limitations on state sovereignty: immunities and treatment of individuals -- Other international legal subjects -- International law-creation: custom -- Treaties -- Other lawmaking processes -- The hierarchy of international law: the role of jus cogens -- The implementation of international rules within national systems -- International wrongful acts and the legal reaction thereto -- Promoting compliance with law and preventing or settling disputes -- Enforcement -- The role of the united nations -- Un sanctions and collective security -- Unilateral resort to force by states -- The protection of human rights -- Legal restraints on violence in armed conflict -- The repression of international crimes -- The international response to terrorism -- Protection of the environment -- Legal attempts at narrowing the north-south gap. | |
| 650 | 0 |
_aInternational law. _97031 |
|
| 650 | 6 |
_aDroit international. _97032 |
|
| 856 | 4 | 1 |
_3Table of contents only _uhttp://catdir.loc.gov/catdir/toc/ecip0422/2004020238.html |
| 856 | 4 | 2 |
_3Publisher description _uhttp://catdir.loc.gov/catdir/enhancements/fy0616/2004020238-d.html |
| 856 | 4 | 2 |
_3Contributor biographical information _uhttp://catdir.loc.gov/catdir/enhancements/fy0725/2004020238-b.html |
| 856 | 4 | _uhttp://www.oup.com/uk/booksites/content/0199259399/ | |
| 856 | 4 |
_mVDE-604 _qapplication/pdf _uhttp://bvbr.bib-bvb.de:8991/F?func=service&doc%5Flibrary=BVB01&doc%5Fnumber=010326121&line%5Fnumber=0001&func%5Fcode=DB%5FRECORDS&service%5Ftype=MEDIA _3Inhaltsverzeichnis |
|
| 942 |
_2lcc _cBOOK |
||
| 999 |
_c1877 _d1877 |
||